Výživová situácia v ČSSR a možnosti jej zlepšenie Etapová výskumná úloha

Guardado en:
Detalles Bibliográficos
Autor principal: Šišková, Mária
Otros Autores: Romanová, Jarmila
Formato: Libro
Lenguaje:eslovaco
Publicado: Bratislava Výskumný ústav sociálneho rozvoja a práce 1989
Colección:Výskumné práce Č. 7/90
Etiquetas: Agregar Etiqueta
Sin Etiquetas, Sea el primero en etiquetar este registro!

MARC

LEADER 00000nam a2200000 4500
001 c036746
005 20221014085522.3
041 0 |a slo 
044 |a SK 
245 1 0 |a Výživová situácia v ČSSR a možnosti jej zlepšenie  |b Etapová výskumná úloha  |c Mária Šišková, Jarmila Romanová 
264 1 |a Bratislava  |b Výskumný ústav sociálneho rozvoja a práce  |c 1989 
300 |a 58, 14 s. 
490 1 |a Výskumné práce  |v Č. 7/90 
830 0 |a Výskumné práce  |v Č. 7/90 
100 1 |a Šišková, Mária 
700 1 |a Romanová, Jarmila